000 00304nam a22001337a 4500
008 170529b xxu||||| |||| 00| 0 eng d
020 _a9780134133423
041 _aeng
080 _25TH
_a625.7/.8
100 _a26
101 _aIM
245 _aAUTOMOTIVE TECHNOLOGY
_cHALDERMAN, J.D
942 _2udc
_cBK
999 _c14883
_d14883